Pays insulaires les plus au nord - Statistiques

Statistiques générales
  • Ce quiz a été pris 77 fois
  • Le résultat moyen est 12 sur 15
Statistiques - réponses
Latitude Pays % Correct
67°08'N Islande
97%
55°26'N Irlande
92%
45°31'N Japon
92%
60°51'N Royaume-Uni
90%
23°16'N Cuba
86%
36°05'N Malte
85%
35°42'N Chypre
83%
20°04'N Haïti
80%
18°31'N Jamaïque
79%
21°07'N Philippines
79%
19°55'N République Dominicaine
79%
26°23'N Taiwan
75%
27°16'N Bahamas
70%
17°44'N Antigua-et-Barbuda
58%
26°17'N Bahreïn
32%
Aucun quiz correspondant
Distribution des résultats
% des personnes avec chaque résultat
Percentile par nombre de réponses
Votre historique - résultats
Vous n’avez pas pris ce quiz